Wavelet Analysis with Applications to Image Processing (Record no. 228059)

MARC details
000 -LEADER
fixed length control field 00505nam a2200205Ia 4500
008 - FIXED-LENGTH DATA ELEMENTS--GENERAL INFORMATION
fixed length control field 240823s9999||||xx |||||||||||||| ||und||
020 ## - INTERNATIONAL STANDARD BOOK NUMBER
International Standard Book Number 0-8493-3169-2
082 ## - DEWEY DECIMAL CLASSIFICATION NUMBER
-- 621.367 Q5
100 ## - MAIN ENTRY--PERSONAL NAME
Personal name Prasad L
245 #0 - TITLE STATEMENT
Title Wavelet Analysis with Applications to Image Processing
250 ## - EDITION STATEMENT
Edition statement 1st
260 ## - PUBLICATION, DISTRIBUTION, ETC. (IMPRINT)
Date of publication, distribution, etc 2015
Name of publisher, distributor, etc CRC Press Taylor & Fr
500 ## - GENERAL NOTE
General note YES
650 ## - SUBJECT ADDED ENTRY--TOPICAL TERM
Topical term or geographic name as entry element Wavelet
700 ## - ADDED ENTRY--PERSONAL NAME
Personal name Iyengar S S
942 ## - ADDED ENTRY ELEMENTS (KOHA)
Item type Books
Holdings
Withdrawn status Lost status Damaged status Permanent location Current location Date acquired Source of acquisition Cost, normal purchase price Full call number Barcode Date last seen Koha item type
      CENTRAL LIBRARY, NOORUL ISLAM CENTRE FOR HIGHER EDUCATION CENTRAL LIBRARY, NOORUL ISLAM CENTRE FOR HIGHER EDUCATION 11/29/2017 "Global Books Syndicate, Coimbatore" 995.00 621.367 Q5 76513 08/23/2024 Books
Visitors:
Copyright © 2024 Central Library NICHE.  All rights reserved.